Normal view
MARC view
Entry Topical Term
001 - CONTROL NUMBER
- control field: 246123
003 - CONTROL NUMBER IDENTIFIER
- control field: OSt
005 - DATE AND TIME OF LATEST TRANSACTION
- control field: 20251118110321.0
008 - FIXED-LENGTH DATA ELEMENTS
- fixed length control field: 251118|| aca||aabn | a|a d
040 ## - CATALOGING SOURCE
- Original cataloging agency: OSt
- Transcribing agency: OSt
150 ## - HEADING--TOPICAL TERM
- Topical term or geographic name entry element: Ra(na)gini
670 ## - SOURCE DATA FOUND
- Source citation: Work cat.: (OSt)139314: SHET (Ramachandra M) Psued Aryam ಶೇಟ್ ರಾಮಚಂದ್ರ ಎಂ) ಆರ್ಯಮ್ 246122, Ra(na)gini, 2008